000
00288nam a2200109Ia 4500
008
200302s9999 xx 000 0 und d
100
_a
Kaiwan Mehta
245
_a
Alice in bhuleshwar navigting a Mumbai neighbourhood
260
_b
Youda Press Publishing
260
_c
2009
300
_a
175 P.,
999
_c
5409
_d
5409